000
00214 a2200097 4500
001
19605
100
_a
Gunderson R C
245
_a
Synthetic Lubricants
260
_a
_b
Chapman & Hall
_c
1962
090
_c
14291
_d
14291
942
_a
NUST-CAE
_c
M
_c
4771
999
_c
254678
_d
254678